Music Quiz

Random Music or Clip Quiz

Ebony and Ivory II Quiz Stats

 Plays Quiz Updated Nov 7, 2017

Challenge
Share
Tweet
Score 0/50 Timer 16:00
5 Plays Today
Time Song Title % Correct
0:18-0:26Let It Be
78.6%
0:00-0:08Beautiful
77.6%
3:15-3:22I Will Survive
66.9%
0:09-0:17Love Song
64.4%
0:54-1:02A Thousand Miles
64%
5:42-5:50You're the One That I Want
55.4%
7:04-7:12Chariots of Fire
54.9%
4:18-4:26Piano Man
54.6%
7:22-7:29Hallelujah
53.1%
0:27-0:35Halo
53%
3:50-3:59I Want You Back
51.5%
7:13-7:21Linus and Lucy
51.2%
6:47-6:54Drops of Jupiter
49.2%
3:06-3:14Don't Stop
48.6%
6:27-6:36Closing Time
48.6%
1:43-1:51Easy
46.4%
2:00-2:09Listen to Your Heart
44.1%
5:14-5:21Daydream Believer
41.7%
1:23-1:31Speed of Sound
40.5%
2:38-2:47Lose Yourself
36.6%
1:13-1:22Saturday in the Park
34.6%
2:29-2:37Evil Woman
31.4%
4:00-4:07Virtual Insanity
27.9%
4:36-4:44I Feel the Earth Move
26.3%
3:32-3:40Kiss On My List
26.1%
Time Song Title % Correct
0:36-0:44Take Five
24.7%
4:27-4:35All My Life
24.6%
4:55-5:03What I've Done
24.3%
1:32-1:42Unforgettable
23.2%
6:00-6:09Roses
22.7%
0:45-0:53We Belong Together
22.4%
1:52-1:59The Climb
20.7%
5:22-5:31New Soul
20.2%
2:10-2:19What a Fool Believes
20.1%
3:23-3:31Misunderstanding
19.6%
5:32-5:41Short People
18.9%
1:03-1:12Mess Around
15.7%
6:18-6:26Lady
13.4%
4:08-4:17Foolish Games
13%
2:48-2:56Crazy for This Girl
11.4%
7:30-7:37Wedding Bell Blues
9.5%
6:37-6:46Black and White
9.4%
4:45-4:54What's Left of Me
8.9%
3:41-3:49Again
7.1%
2:20-2:28After the Love Is Gone
6.9%
5:51-5:59Dreamer
3.5%
5:04-5:13Back at One
3.4%
2:57-3:05You're an Ocean
3.3%
6:10-6:17A Big Hunk o' Love
2.5%
6:55-7:03All Over Me
1.4%

You're not logged in!

Compare scores with friends on all Sporcle quizzes.
OR
Log In

You Might Also Like...

Show Comments

Extras

Top Quizzes Today


Score Distribution

Your Account Isn't Verified!

In order to create a playlist on Sporcle, you need to verify the email address you used during registration. Go to your Sporcle Settings to finish the process.

Report this User

Report this user for behavior that violates our Community Guidelines.

Details: